000 00836nam a2200217Ia 4500
003 GCL
005 20240530103148.0
008 140319s9999 xx 000 0 ara d
040 _aGCL /
_cGCL
082 0 4 _a910.92
_bى ك
100 1 _aيسرى عبدالرازق الجوهرى
245 1 0 _aالكشوف الجغرافية :
_cيسرى عبدالرازق الجوهرى
_bدراسة لتاريخ الكشوف الجغرافية ولتطور الفكر الجغرافى /
260 _aبيروت:
_bدار النهضة العربية ،
_c1984
300 _a399 ص ؛
_c24 سم
650 0 4 _aالجغرافيا
650 0 4 _aالرحالة العرب
650 0 4 _aالعرب والكشوف الجغرافية
650 0 4 _aالحضارة الاسلامية
650 0 4 _aالكشوف الجغرافية
942 _2ddc
_cBK
999 _c37263
_d37263